<?xml version="1.0" encoding="UTF-8"?>
<marc:record xmlns:marc="http://www.loc.gov/MARC21/slim">
   <marc:leader>00000nam a2200000 a 4500</marc:leader>
   <marc:datafield ind1="1" ind2=" " tag="100">
      <marc:subfield code="a">Young, Pippa</marc:subfield>
   </marc:datafield>
   <marc:datafield ind1="1" ind2=" " tag="100">
      <marc:subfield code="a">Leuchtmann, Christiane</marc:subfield>
   </marc:datafield>
   <marc:datafield ind1=" " ind2=" " tag="653">
      <marc:subfield code="a">Freundschaft</marc:subfield>
   </marc:datafield>
   <marc:datafield ind1=" " ind2=" " tag="653">
      <marc:subfield code="a">Pferd</marc:subfield>
   </marc:datafield>
   <marc:datafield ind1=" " ind2=" " tag="653">
      <marc:subfield code="a">Pony</marc:subfield>
   </marc:datafield>
   <marc:datafield ind1="0" ind2="0" tag="245">
      <marc:subfield code="a">Ponyhof Apfelblüte - Lotte und Goldstück</marc:subfield>
   </marc:datafield>
   <marc:datafield ind1="0" ind2="0" tag="245">
      <marc:subfield code="c">Pippa Young. Christiane Leuchtmann</marc:subfield>
   </marc:datafield>
   <marc:datafield ind1=" " ind2="1" tag="264">
      <marc:subfield code="a">Hamburg</marc:subfield>
      <marc:subfield code="b">Jumbo Neue Medien</marc:subfield>
      <marc:subfield code="c">2014</marc:subfield>
   </marc:datafield>
   <marc:datafield ind1="1" ind2=" " tag="520">
      <marc:subfield code="a">Auf dem Ponyhof Apfelblüte werden Träume wahr. Jedes Mädchen findet sein Lieblingspony, kann mit ihm schmusen, es striegeln und natürlich auf ihm reiten! Für Lotte bricht eine Welt zusammen. Ihre Eltern können sich den Unterhalt für ihr geliebtes Pony nicht mehr leisten und wollen es verkaufen! Und schon stehen die ersten möglichen Käufer auf dem Hof. Was soll Lotte nur tun? Fieberhaft sucht sie einen Weg, ihr Pony doch noch behalten zu können. Freundschaften, süße Ponys und spannende Wettkämpfe -  der Alltag auf dem Reiterhof wird einfach nie langweilig. </marc:subfield>
   </marc:datafield>
   <marc:datafield ind1=" " ind2=" " tag="020">
      <marc:subfield code="a">4012144331922</marc:subfield>
      <marc:subfield code="9">4012144331922</marc:subfield>
   </marc:datafield>
   <marc:datafield ind1=" " ind2=" " tag="041">
      <marc:subfield code="a">ger</marc:subfield>
   </marc:datafield>
   <marc:datafield ind1="1" ind2=" " tag="521">
      <marc:subfield code="a">0</marc:subfield>
   </marc:datafield>
   <marc:datafield ind1=" " ind2=" " tag="300">
      <marc:subfield code="a">1CD, 77 Min.</marc:subfield>
   </marc:datafield>
</marc:record>
